000 00566cam a2200205 4500500
005 20260405003608.0
041 _afre
042 _adc
100 1 0 _aMorisson, Batiste
_eauthor
245 0 0 _aPersonne
260 _c2022.
500 _a79
690 _aHobbes
690 _aIdentité
690 _aLocke
690 _aMarc Aurèle
690 _aPersonne
786 0 _nPhilosophie magazine | 164 | 11 | 2022-11-01 | p. 51-51 | 1951-1787
856 4 1 _uhttps://shs.cairn.info/magazine-philosophie-magazine-2022-11-page-51?lang=fr&redirect-ssocas=7080
999 _c2069095
_d2069095